000 00839 a2200229 4500
003 UA-OsUOA
005 20230825115908.0
008 230825b un ||||| |||| 00| 0 ukr d
020 _a9786171208452
040 _aUA-OsUOA
_bukr
_cUA-OsUOA
_dUA-OsUOA
041 _aukr
080 _a821.161.2
090 _a821.161.2
_bІ-23
100 _aІвасько М.
245 _aДев'ять кроків назустріч вітру
_bроман
_cМихайло Івасько
260 _aХарків
_bКСД
_c2016
300 _a208 с.
650 _2UDC
_a821 Художня література окремими мовами і мовними сім'ями
942 _cBK
_2udc
955 _a3
999 _c574957
_d574957